000 00611nam a22002177a 4500
003 BD-ChCU
005 20260430115710.0
008 260430b ii ||||| |||| 00| 0 eng d
020 _a9789352860722
040 _cBD-ChCU
082 _223
_a526.9 G573a
100 _aGopi, Satheesh.
_922140
245 _aAdvanced surveying :
_btotal station GPS.GIS and remote sensing /
250 _a2ed.
260 _aNew Delhi :
_bPearson,
_c2018
300 _a461 P. :
504 _aIncludes.
650 0 _aSurveying ; Advanced surveying.
_922141
700 _aSathikumar, R.
_eJt.Author
_922142
942 _2ddc
_cBK
_n0
999 _c112548
_d112548